书目信息 |
| 题名: |
乐果生产
|
|
| 作者: | 张多文 编 | |
| 分册: | ||
| 出版信息: | 北京 燃料化学工业出版社 1971 |
|
| 页数: | 100页 | |
| 开本: | 19cm | |
| 丛书名: | ||
| 单 册: | ||
| 中图分类: | S453 | |
| 科图分类: | ||
| 主题词: | 乐果--生产 , 有害植物 , 有害植物--防治 | |
| 电子资源: | ||
| ISBN: | ||
| 000 | 00625nam0 2200253 45 980 | |
| 001 | 0633176505 | |
| 005 | 20060801091408.87 | |
| 010 | @dCNY0.30 | |
| 091 | @a15063.1247 | |
| 100 | @a19970504d1971 em y0chiy0121 ea | |
| 101 | 0 | @achi |
| 102 | @aCN@b110000 | |
| 105 | @afa z 000yy | |
| 106 | @ar | |
| 200 | 10 | @a乐果生产@Ale guo sheng chan@f张多文编 |
| 210 | @a北京@c燃料化学工业出版社@d1971 | |
| 215 | @a100页@c图,表@d19cm | |
| 606 | @a乐果@x生产 | |
| 606 | 0 | @a有害植物 |
| 606 | 0 | @a有害植物@x防治 |
| 690 | @aS453@v3 | |
| 701 | 0 | @a张多文@4编@Azhang duo wen |
| 801 | 0 | @c20060801 |
| 905 | @a10447@dS453@e32 | |
| 乐果生产/张多文编 .-北京:燃料化学工业出版社,1971 |
| 100页:图,表;19cm |
| ISBN :CNY0.30 |
| ● |
| 相关链接 |
|
|
|
|
正题名:乐果生产
索取号:S453/32
 
预约/预借
| 序号 | 登录号 | 条形码 | 馆藏地/架位号 | 状态 | 备注 |
| 1 | 0439269 | 204392692 | 密集书库/ [索取号:S453/32] | 在馆 |